000
00328nam a2200157Ia 4500
003
0STCL
008
150530s9999 xx 000 0 und d
040
_a
STCL
_c
STCL
100
_a
Melhuish, J.E; Ed
245
_a
Livy
260
_c
1920
546
_a
English
942
_2
ddc
_c
BK
999
_c
61984
_d
61984
005
20220125171201.0